TOP 15 pays qui ont les plus vieux drapeaux du monde - Statistiques

Statistiques générales
  • Ce quiz a été pris 329 fois
  • Le résultat moyen est 7 sur 15
Statistiques - réponses
Rang pays Années % Correct
15 Espagne 1785
77%
1 Japon 701
76%
14 Etats-Unis 1777
74%
11 Russie 1696
68%
9 Suède 1562
65%
2 Danemark 1219
62%
8 Suisse 1470
59%
6 Pays-Bas 1409
50%
3 Autriche 1230
40%
13 Liechtenstein 1764
26%
12 Népal 1743
23%
7 Albanie 1443
22%
4 Lettonie 1279
13%
5 Géorgie 1350
12%
10 Tonga 1674
2%
Aucun quiz correspondant
Distribution des résultats
% des personnes avec chaque résultat
Percentile par nombre de réponses
Votre historique - résultats
Vous n’avez pas pris ce quiz